Η συμβολή των γονέων στον εμπλουτισμό των γνώσεων και στη διαμόρφωση φιλοπεριβαλλοντικών στάσεων των νηπίων στο πλαίσιο της εκπαίδευσης για την αειφόρο ανάπτυξη : διπλωματική εργασία [μεταπτυχιακή εργασία]

Αποθηκεύτηκε σε:
Λεπτομέρειες βιβλιογραφικής εγγραφής
Κύριος συγγραφέας: Μουντουφάρη, Δήμητρα
Συγγραφή απο Οργανισμό/Αρχή: Πανεπιστήμιο Αιγαίου Σχολή Ανθρωπιστικών Επιστημών Τμήμα Επιστημών της Προσχολικής Αγωγής και του Εκπαιδευτικού Σχεδιασμού Πρόγραμμα Μεταπτυχιακών Σπουδών Περιβαλλοντική Εκπαίδευση
Άλλοι συγγραφείς: Παπαβασιλείου, Βασίλειος Φ. (Εισηγητής διατριβής)
Μορφή: Thesis Βιβλίο
Γλώσσα:Greek
Δημοσίευση: 2014
Θέματα:
Διαθέσιμο Online:http://hdl.handle.net/11610/15800
Ετικέτες: Προσθήκη ετικέτας
Δεν υπάρχουν, Καταχωρήστε ετικέτα πρώτοι!

MARC

LEADER 00000cam a2200000 i 4500
001 1/57730
008 141008s2014 gre d
035 |l 10119401 
040 |a GR-MY-UA  |b gre  |e aacr 
041 0 |a gre 
082 0 |a 372.357  |2 (22) 
100 1 |a Μουντουφάρη, Δήμητρα. 
245 1 2 |a Η συμβολή των γονέων στον εμπλουτισμό των γνώσεων και στη διαμόρφωση φιλοπεριβαλλοντικών στάσεων των νηπίων στο πλαίσιο της εκπαίδευσης για την αειφόρο ανάπτυξη :  |b διπλωματική εργασία [μεταπτυχιακή εργασία] /  |c Μουντουφάρη Δήμητρα ; επιβλέπων: Παπαβασιλείου Βασίλειος 
260 |c 2014 
300 |a 145 σ.;  |b πίν., σχεδιαγ.;  |c 30 εκ. 
500 |a Μέλη εξεταστικής επιτροπής: Σταύρου Νεκτάριος, Σταμάτης Παναγιώτης 
502 |a Διατριβή (μεταπτυχιακή) – Πανεπιστήμιο Αιγαίου, Ρόδος, 2014. 
504 |a Βιβλιογραφία: σ. 114-122 
650 0 0 |a Environmental education  |x Study and teaching (Preschool) 
650 0 0 |a Environmental education  |x Activity programs. 
650 0 0 |a Family policy. 
650 0 0 |a Dissertations, Academic  |z Greece. 
700 1 |4 ths  |a Παπαβασιλείου, Βασίλειος Φ. 
710 2 |a Πανεπιστήμιο Αιγαίου  |b Σχολή Ανθρωπιστικών Επιστημών  |b Τμήμα Επιστημών της Προσχολικής Αγωγής και του Εκπαιδευτικού Σχεδιασμού  |b Πρόγραμμα Μεταπτυχιακών Σπουδών Περιβαλλοντική Εκπαίδευση. 
852 |a INST  |b RHODES  |c DIATR  |e 20141008  |h 372.357 ΜΟΥ  |p 005400036998  |q 005400036998  |t MTXE  |y 23 
852 |a INST  |b RHODES  |c DIATR  |e 20141008  |h 372.357 ΜΟΥ  |p 005400036999  |q 005400036999  |t MTXE  |y 23 
856 |u http://hdl.handle.net/11610/15800 
901 |a BIBL4-2014-3 
909 |a Ρ  |b 183323 
909 |a Ρ  |b 183324 
924 |a ΜΟΥΝΤΟΥΦΑΡΗ  |b ΔΗΜΗΤΡΑ  |y ΡΟΔΟΣ  |z 2014-03 
970 |z 2014/10/08